00529nam a2200145Ia 4500082001200000100002200012245010300034260005700137300000700194500002700201650003700228650003900265650005100304650002800355 aRR 0249 aRani, S.Sakthivel 0aQuality of work life among women employees in various governments and private sector in Tamil Nadu bIndian Council of Social Science Research, New Delhi a96 aincludes questionnaire aQuality of work lifezTamil Nadu aWomen employeeszIndiazTamil Nadu aWomen employeesvJob stresszIndiazTamil Nadu aKMO and Bartlett's Test